George Washington Carver / (Record no. 3581)

MARC details
000 -LEADER
fixed length control field 01146cam a22002654a 4500
005 - DATE AND TIME OF LATEST TRANSACTION
control field 20250821142725.0
020 ## - INTERNATIONAL STANDARD BOOK NUMBER
International Standard Book Number 9780516247823
040 ## - CATALOGING SOURCE
Original cataloging agency DLC
Transcribing agency DLC
Modifying agency DLC
Language of cataloging eng
050 00 - LIBRARY OF CONGRESS CALL NUMBER
Classification number S417.C3
Item number 2005
082 00 - DEWEY DECIMAL CLASSIFICATION NUMBER
Classification number 630.92
100 1# - MAIN ENTRY--PERSONAL NAME
Personal name Kittinger, Jo S
245 10 - TITLE STATEMENT
Title George Washington Carver /
Statement of responsibility, etc. by Jo S. Kittinger
260 ## - PUBLICATION, DISTRIBUTION, ETC.
Place of publication, distribution, etc. New York :
Name of publisher, distributor, etc. Children's Press ,
Date of publication, distribution, etc. 2005
300 ## - PHYSICAL DESCRIPTION
Extent 24 pages :
Other physical details color illustrations ;
Dimensions 21 cm.
490 ## - SERIES STATEMENT
Series statement Scholastic News Nonfiction Readers: Biographies, Scholastic News Nonfiction Readers (Biographies)
505 0# - FORMATTED CONTENTS NOTE
Formatted contents note J <br/>
520 ## - SUMMARY, ETC.
Summary, etc. Explore space, fly an airplane, find new lands, and make new discoveries with inventors, explorers, and scientists. Young readers will learn about these great people and their accomplishments, and how they helped pave the way for others who came after them.
521 ## - TARGET AUDIENCE NOTE
Target audience note 480 <br/>
Source Lexile <br/>
521 ## - TARGET AUDIENCE NOTE
Target audience note J <br/>
Source Raz-Plus <br/>
650 #0 - SUBJECT ADDED ENTRY--TOPICAL TERM
Topical term or geographic name entry element African American agriculturists
Form subdivision Biography
-- Juvenile literature
650 #0 - SUBJECT ADDED ENTRY--TOPICAL TERM
Topical term or geographic name entry element Agriculturists
Geographic subdivision United States
Form subdivision Biography
-- Juvenile literature
906 ## - LOCAL DATA ELEMENT F, LDF (RLIN)
a 7
b cbc
c orignew
d 1
e ecip
f 20
g y-gencatlg
942 ## - ADDED ENTRY ELEMENTS (KOHA)
Source of classification or shelving scheme Dewey Decimal Classification
Koha item type Books
Suppress in OPAC No
999 ## -
-- 3581
-- 3581
Holdings
Withdrawn status Lost status Source of classification or shelving scheme Damaged status Not for loan Collection Home library Current library Shelving location Date acquired Total Checkouts Full call number Barcode Date last seen Copy number Price effective from Koha item type
    Dewey Decimal Classification     Non-Fiction Footprints International School Library Network Toul Tom Poung Campus Footprints International School Library Network Toul Tom Poung Campus TTP Primary Dark Blue Bookshelves 03/21/2024   KIT 630.92 S417.C3 2024-0381 03/21/2024 1 03/21/2024 Books
    Dewey Decimal Classification     Non-Fiction Footprints International School Library Network Toul Tom Poung Campus Footprints International School Library Network Toul Tom Poung Campus TTP Primary Dark Blue Bookshelves 08/05/2025   KIT 630.92 S417.C3 FISBK05803 08/05/2025 2 08/05/2025 Books
    Dewey Decimal Classification     Non-Fiction Footprints International School Library Network Toul Tom Poung Campus Footprints International School Library Network Toul Tom Poung Campus TTP Primary Dark Blue Bookshelves 08/21/2025   KIT 630.92 S417.C3 FISTK02207 08/21/2025 3 08/21/2025 Books